000
00341nam a22001457a 4500
008
210429b ||||| |||| 00| 0 eng d
020
_a
2901285870242
041
_a
eng
080
_2
8th
_a
94
082
_a
94
100
_a
16
101
_a
SHH
245
_a
The Human Record Sources of Global History
_c
Alfred J. Andrea
942
_2
udc
_c
BK
999
_c
57022
_d
57022